El sentido de la vida

-д хадгалсан:
Номзүйн дэлгэрэнгүй
Үндсэн зохиолч: Adler, Alfred (Зохиогч)
Формат: Ном
Хэл сонгох:испани
Хэвлэсэн: Santiago Cultura 1940
Цуврал:Colección Hombres e Ideas, 68
Нөхцлүүд:
Шошгууд: Шошго нэмэх
Шошго байхгүй, Энэхүү баримтыг шошголох эхний хүн болох!

MARC

LEADER 00000cam a2200000 a 4500
001 UCY6502
003 CL-VaPUC
008 950526e19400000CL |||||||||||||||||spa|d
082 0 4 |a 150.195  |b ADL  |2 21 
100 0 |a Adler, Alfred  |e author  |9 328579 
245 1 3 |a El sentido de la vida 
300 |a 238 p 
942 |c BK 
945 |d 19950526 00:00:00  |a cmena 
260 |a Santiago  |b Cultura  |c 1940 
650 0 |a Psicología   |9 257863 
650 0 |a Psicoanálisis   |9 265702 
650 0 |a Personalidad   |9 307255 
650 0 |a Neurosis  |9 312889 
650 0 |a Trastornos del comportamiento  |9 311363 
650 0 |a Psicología individual  |9 309049 
583 |a last modification  |c 20140929 10:55:43  |k Rodrigo Vera 
490 0 |a Colección Hombres e Ideas, 68 
999 |c 234065  |d 234063 
952 |0 0  |1 0  |4 0  |6 150_195000000000000_ADL_1940  |7 0  |8 P  |9 240029  |a BIBEDU  |b BIBEDU  |c BIBEDU_PB  |d 2019-11-18  |i 1510924  |o 150.195 ADL 1940  |p 1510924  |r 2024-01-25  |w 2019-11-18  |y BK  |k EDU 
952 |0 0  |1 0  |3 erb  |4 0  |6 150_195000000000000_ADL_1940  |7 0  |8 P  |9 240030  |a BIBTEO  |b BIBTES  |c TEO_FTES  |i 4999606  |o 150.195 ADL 1940  |p 4999606  |r 2024-01-18  |w 2019-11-18  |y BK  |z Catalogado en:20150416  |k ICR